000 00447nam a2200157 4500
001 108637
003 ES-MaACL
005 20230906184658.0
007 t|
008 061121m19261928xxu r ||||1| eng d
100 1 _aMonroe, Paul.
_982279
245 1 2 _aA cyclopedia of education /
_cedited by Paul Monroe.
260 _aNew York :
_bMacmillan,
_c1926-1928.
300 _a5 T. en 3v., 70 lám ;
_c28 cm.
852 _aES-MaACL
_jB-12045-47
_bR.2020
999 _c108637
_d108637